Intermediate algebra (Record no. 7474)
[ view plain ]
| 000 -LEADER | |
|---|---|
| fixed length control field | 00704 a2200193 4500 |
| 020 ## - INTERNATIONAL STANDARD BOOK NUMBER | |
| International Standard Book Number | 0072294841 |
| 040 ## - CATALOGING SOURCE | |
| Original cataloging agency | DLC |
| Language of cataloging | DLC |
| 082 00 - DEWEY DECIMAL CLASSIFICATION NUMBER | |
| Classification number | 512.9 |
| 100 1# - MAIN ENTRY--PERSONAL NAME | |
| Personal name | Dugopolski, Mark. |
| 245 10 - TITLE STATEMENT | |
| Title | Intermediate algebra |
| Statement of responsibility, etc. | Mark Dugopolski. |
| 250 ## - EDITION STATEMENT | |
| Edition statement | Ed. 3., Annotated instructor's ed. |
| 260 ## - PUBLICATION, DISTRIBUTION, ETC. | |
| Place of publication, distribution, etc. | Boston : |
| Name of publisher, distributor, etc. | McGraw Hill, |
| Date of publication, distribution, etc. | c2000. |
| 300 ## - PHYSICAL DESCRIPTION | |
| Extent | 1 v. (various pagings) : |
| Other physical details | ill. (some col.) ; |
| Dimensions | 26 cm. + |
| Accompanying material | 1 computer optical disc (4 3/4 in.) |
| 500 ## - GENERAL NOTE | |
| General note | Includes indexes. |
| 538 ## - SYSTEM DETAILS NOTE | |
| System details note | System requirements for accompanying computer disc: Windows 95, 98 or NT. |
| 650 #0 - SUBJECT ADDED ENTRY--TOPICAL TERM | |
| Topical term or geographic name entry element | Algebra. |
| 856 42 - ELECTRONIC LOCATION AND ACCESS | |
| Materials specified | Publisher description |
| Uniform Resource Identifier | <a href="http://www.loc.gov/catdir/description/mh041/00501860.html">http://www.loc.gov/catdir/description/mh041/00501860.html</a> |
| 942 ## - ADDED ENTRY ELEMENTS (KOHA) | |
| Koha item type | Book |
| Call number prefix | 512.9 DUG |
| Source of classification or shelving scheme | |
| Withdrawn status | Lost status | Damaged status | Not for loan | Collection code | Permanent Location | Current Location | Shelving location | Date acquired | Source of acquisition | Total Checkouts | Full call number | Barcode | Date last seen | Price effective from | Koha item type |
|---|---|---|---|---|---|---|---|---|---|---|---|---|---|---|---|
| Central Library (CL) | Central Library (CL) | General Stacks | 07/09/2005 | Donation | 512.9 DUG | SEECS006006 | 11/14/2012 | 01/05/2017 | Book |
